ESSENTIALS OF FINANCIAL ACCOUNTING (Record no. 24319)

MARC details
000 -LEADER
fixed length control field 00248nam a22001217a 4500
003 - CONTROL NUMBER IDENTIFIER
control field SGT
082 ## - DEWEY DECIMAL CLASSIFICATION NUMBER
Classification number 657.042
Item number BHA
100 ## - MAIN ENTRY--PERSONAL NAME
Personal name BHATTACHARYA,K.A
245 ## - TITLE STATEMENT
Title ESSENTIALS OF FINANCIAL ACCOUNTING
250 ## - EDITION STATEMENT
Edition statement 3RD
260 ## - PUBLICATION, DISTRIBUTION, ETC. (IMPRINT)
Place of publication, distribution, etc PHI
942 ## - ADDED ENTRY ELEMENTS (KOHA)
Source of classification or shelving scheme Dewey Decimal Classification
Koha item type CDs & DVDs
Holdings
Withdrawn status Lost status Source of classification or shelving scheme Damaged status Not for loan Home library Current library Date acquired SGTU Bill Number Total Checkouts Full call number Accession No. (Barcode) Date last seen Bill Date Koha item type
    Dewey Decimal Classification     SGT Science & Social Sciences Library SGT Science & Social Sciences Library 19/07/2023 SGTU 9475   657.042 BHA ACD26 19/07/2023 19/07/2023 CDs & DVDs